English for modern living : intermediate 1 (Record no. 9744)
[ view plain ]
| 000 -LEADER | |
|---|---|
| fixed length control field | 00384nam a22001457a 4500 |
| 003 - CONTROL NUMBER IDENTIFIER | |
| control field | OSt |
| 005 - DATE AND TIME OF LATEST TRANSACTION | |
| control field | 20260422090844.0 |
| 008 - FIXED-LENGTH DATA ELEMENTS--GENERAL INFORMATION | |
| fixed length control field | 260422b |||||||| |||| 00| 0 eng d |
| 020 ## - INTERNATIONAL STANDARD BOOK NUMBER | |
| International Standard Book Number | 962-8882-99-6. |
| 040 ## - CATALOGING SOURCE | |
| Original cataloging agency | DWCL Main Lib |
| Transcribing agency | OC |
| 082 ## - DEWEY DECIMAL CLASSIFICATION NUMBER | |
| Classification number | Circ. 428 B135e 2006 |
| 245 ## - TITLE STATEMENT | |
| Title | English for modern living : intermediate 1 |
| 300 ## - PHYSICAL DESCRIPTION | |
| Extent | 132 pages. |
| 942 ## - ADDED ENTRY ELEMENTS (KOHA) | |
| Source of classification or shelving scheme | Dewey Decimal Classification |
| Koha item type | Book Circulation |
| Classification part | Circ. |
| Suppress in OPAC | No |
| 952 ## - LOCATION AND ITEM INFORMATION (KOHA) | |
| -- | |
| Withdrawn status | Lost status | Source of classification or shelving scheme | Damaged status | Not for loan | Home library | Current library | Date acquired | Source of acquisition | Total Checkouts | Full call number | Barcode | Date last seen | Copy number | Price effective from | Koha item type | Uniform Resource Identifier |
|---|---|---|---|---|---|---|---|---|---|---|---|---|---|---|---|---|
| Dewey Decimal Classification | College Library | College Library | 10/22/2007 | School Fund | Circ. 428 B135e c2006 | CL45069 | 04/22/2026 | c1 | 04/22/2026 | BK-CIRC |